Στάσεις και αναπαραστάσεις μαθητών της πρωτοβάθμιας εκπαίδευσης της Ρόδου για την έννοια του οικοσυστήματος και τη διαχείριση του : μεταπτυχιακή διατριβή
Αποθηκεύτηκε σε:
| Κύριος συγγραφέας: | |
|---|---|
| Άλλοι συγγραφείς: | |
| Μορφή: | Thesis Βιβλίο |
| Γλώσσα: | Greek |
| Δημοσίευση: |
Ρόδος :
Πανεπιστήμιο Αιγαίου, Σχολή Ανθρωπιστικών Επιστημών,
2006
|
| Θέματα: | |
| Διαθέσιμο Online: | http://hdl.handle.net/11610/15795 |
| Ετικέτες: |
Προσθήκη ετικέτας
Δεν υπάρχουν, Καταχωρήστε ετικέτα πρώτοι!
|
MARC
| LEADER | 00000cam a2200000 i 4500 | ||
|---|---|---|---|
| 001 | 1/43460 | ||
| 008 | 070426s2006 gre d | ||
| 035 | |l 10087612 | ||
| 040 | |a GR-MY-UA |b gre |e aacr | ||
| 041 | 0 | |a gre | |
| 082 | 0 | |a 577.1 |2 (22) | |
| 100 | 1 | |a Γκανάτσιου, Πρεσβεία. | |
| 245 | 1 | 0 | |a Στάσεις και αναπαραστάσεις μαθητών της πρωτοβάθμιας εκπαίδευσης της Ρόδου για την έννοια του οικοσυστήματος και τη διαχείριση του : |b μεταπτυχιακή διατριβή / |c Πρεσβεία Γκανάτσιου ; Δημητρίου Αναστασία (επιβλέπουσα) |
| 260 | |a Ρόδος : |b Πανεπιστήμιο Αιγαίου, Σχολή Ανθρωπιστικών Επιστημών, |c 2006 | ||
| 300 | |a 305 σ.; |c 30 εκ. | ||
| 500 | |a Συμβουλευτική επιτροπή: Νικήτας Πολεμικός, Ποτίτσα Ξανθάκου | ||
| 502 | |a Διατριβή (μεταπτυχιακή) – Πανεπιστήμιο Αιγαίου, Ρόδος, 2006. | ||
| 610 | 2 | 0 | |a University of the Aegean |x Dissertations. |
| 650 | 0 | 0 | |a Ecosystem health. |
| 650 | 0 | 0 | |a Ecosystem management. |
| 650 | 0 | |a Environmental education |z Greece |z Rhodes (Island) | |
| 650 | 0 | |a Education, Elementary |z Greece |z Rhodes (Island) | |
| 650 | 0 | 0 | |a Dissertations, Academic |z Greece. |
| 700 | 1 | |a Δημητρίου, Αναστασία. |4 ths | |
| 852 | |a INST |b RHODES |c DIATR |e 20070426 |h 577.1 ΓΚΑ |p 005400026673 |q 005400026673 |t MTXE |y 23 | ||
| 852 | |a INST |b RHODES |c DIATR |e 20070426 |h 577.1 ΓΚΑ |p 005400026674 |q 005400026674 |t MTXE |y 23 | ||
| 856 | |u http://hdl.handle.net/11610/15795 | ||
| 901 | |a BIBL4-2007-1 | ||
| 909 | |a Ρ |b 127854 | ||
| 909 | |a Ρ |b 127853 | ||
| 924 | |a ΓΚΑΝΑΤΣΙΟΥ |b ΠΡΕΣΒΕΙΑ |y ΡΟΔΟΣ |z 2007-04 | ||
| 970 | |a ΜΙΣΣΟΣ |b ΣΤΑΥΡΟΣ |z 2007/04/26 | ||